[Event "DEM U14 2020"]
[Site "Willingen GER"]
[Date "2020.10.21"]
[Round "3"]
[White "Stork, Christopher"]
[Black "Pfeffer, Samuel"]
[Result "1-0"]
[Termination "normal"]
[Board "13"]
[WhiteElo "1869"]
[BlackElo "1427"]
[WhiteClock "00:42:39"]
[BlackClock "00:17:42"]
[PlyCount "104"]
[WhiteFideId "16215400"]
[BlackFideId "16249160"]
[EventCountry "GER"]
[EventRounds "7"]
[EventType "swiss"]
[EventDate "2020.10.19"]

1. e4 {[%clk 1:30:58]} e5 {[%clk 1:30:48]} 2. Nf3 {[%clk 1:31:22]} Nc6 {[%clk
1:29:42]} 3. Bc4 {[%clk 1:31:39]} Nf6 {[%clk 1:28:48]} 4. d3 {[%clk 1:31:54]}
Bc5 {[%clk 1:27:43]} 5. c3 {[%clk 1:31:28]} d6 {[%clk 1:27:14]} 6. O-O {[%clk
1:31:34]} a6 {[%clk 1:22:40]} 7. a4 {[%clk 1:30:39]} Ba7 {[%clk 1:21:34]} 8.
Nbd2 {[%clk 1:29:43]} O-O {[%clk 1:20:49]} 9. Re1 {[%clk 1:29:05]} Ne7 {[%clk
1:19:34]} 10. Nf1 {[%clk 1:29:20]} Ng4 {[%clk 1:17:20]} 11. Re2 {[%clk
1:27:43]} Ng6 {[%clk 1:16:32]} 12. Ng3 {[%clk 1:26:13]} h6 {[%clk 1:14:55]} 13.
h3 {[%clk 1:23:36]} Nf6 {[%clk 1:14:00]} 14. Be3 {[%clk 1:20:28]} Nf4 {[%clk
1:11:01]} 15. Bxf4 {[%clk 1:19:25]} exf4 {[%clk 1:11:29]} 16. Nf1 {[%clk
1:19:19]} d5 {[%clk 1:08:40]} 17. exd5 {[%clk 1:18:57]} Nxd5 {[%clk 1:07:38]}
18. d4 {[%clk 1:17:55]} Bf5 {[%clk 1:05:37]} 19. Qd2 {[%clk 1:15:38]} c6 {[%clk
1:01:35]} 20. Bxd5 {[%clk 1:11:06]} cxd5 {[%clk 1:00:33]} 21. Qxf4 {[%clk
1:10:18]} Bd3 {[%clk 1:00:06]} 22. Re3 {[%clk 1:09:29]} Bb8 {[%clk 0:58:22]}
23. Qh4 {[%clk 1:06:26]} Be4 {[%clk 0:55:09]} 24. Qxd8 {[%clk 1:04:29]} Rxd8
{[%clk 0:54:49]} 25. g3 {[%clk 1:03:19]} f5 {[%clk 0:52:45]} 26. Ne5 {[%clk
1:01:27]} Bxe5 {[%clk 0:51:59]} 27. dxe5 {[%clk 1:01:52]} d4 {[%clk 0:50:32]}
28. cxd4 {[%clk 1:01:04]} Rxd4 {[%clk 0:50:40]} 29. f4 {[%clk 0:58:45]} Rc8
{[%clk 0:48:56]} 30. Rae1 {[%clk 0:55:14]} a5 {[%clk 0:44:46]} 31. b3 {[%clk
0:51:56]} Rc2 {[%clk 0:43:02]} 32. R1e2 {[%clk 0:47:27]} Rc1 {[%clk 0:41:59]}
33. Kf2 {[%clk 0:45:48]} Rdd1 {[%clk 0:28:22]} 34. Re1 {[%clk 0:43:44]} Rxe1
{[%clk 0:26:09]} 35. Rxe1 {[%clk 0:43:51]} Rxe1 {[%clk 0:26:15]} 36. Kxe1
{[%clk 0:44:15]} Bd5 {[%clk 0:25:50]} 37. Nd2 {[%clk 0:44:18]} g5 {[%clk
0:23:50]} 38. Nc4 {[%clk 0:43:48]} b5 {[%clk 0:22:55]} 39. Nxa5 {[%clk
0:41:20]} bxa4 {[%clk 0:23:01]} 40. bxa4 {[%clk 0:41:45]} gxf4 {[%clk 0:22:19]}
41. gxf4 {[%clk 0:42:08]} Kf7 {[%clk 0:21:27]} 42. Kd2 {[%clk 0:41:20]} Kg6
{[%clk 0:20:40]} 43. Kc3 {[%clk 0:41:06]} Kh5 {[%clk 0:19:21]} 44. Kd4 {[%clk
0:41:07]} Be4 {[%clk 0:19:35]} 45. Nc4 {[%clk 0:40:28]} Kh4 {[%clk 0:19:32]}
46. Nd6 {[%clk 0:40:36]} Kxh3 {[%clk 0:16:13]} 47. Nxe4 {[%clk 0:40:51]} fxe4
{[%clk 0:16:08]} 48. Kxe4 {[%clk 0:41:12]} Kg2 {[%clk 0:16:11]} 49. e6 {[%clk
0:41:37]} h5 {[%clk 0:16:33]} 50. e7 {[%clk 0:42:02]} h4 {[%clk 0:16:51]} 51.
e8=Q {[%clk 0:42:26]} h3 {[%clk 0:17:15]} 52. Qg6+ {[%clk 0:42:39]} Kh1 {[%clk
0:17:42]} 1-0

[Event "DEM U14 2020"]
[Site "Willingen GER"]
[Date "2020.10.21"]
[Round "3"]
[White "Raasch, Hauke"]
[Black "Tham, Nam"]
[Result "0-1"]
[Termination "normal"]
[Board "14"]
[WhiteElo "1676"]
[BlackElo "1890"]
[WhiteClock "00:03:44"]
[BlackClock "00:39:54"]
[PlyCount "82"]
[WhiteFideId "16210034"]
[BlackFideId "12997331"]
[EventCountry "GER"]
[EventRounds "7"]
[EventType "swiss"]
[EventDate "2020.10.19"]

1. d4 {[%clk 1:30:54]} d5 {[%clk 1:30:55]} 2. Bf4 {[%clk 1:31:02]} Nf6 {[%clk
1:30:52]} 3. e3 {[%clk 1:31:21]} c5 {[%clk 1:30:12]} 4. c3 {[%clk 1:31:25]} Nc6
{[%clk 1:30:21]} 5. Nf3 {[%clk 1:31:32]} e6 {[%clk 1:29:20]} 6. Bd3 {[%clk
1:30:55]} Be7 {[%clk 1:25:07]} 7. h3 {[%clk 1:30:20]} c4 {[%clk 1:15:45]} 8.
Bc2 {[%clk 1:30:14]} b5 {[%clk 1:16:06]} 9. a3 {[%clk 1:28:51]} Bb7 {[%clk
1:15:41]} 10. Nbd2 {[%clk 1:28:40]} a5 {[%clk 1:15:44]} 11. e4 {[%clk 1:26:09]}
Qb6 {[%clk 1:07:52]} 12. e5 {[%clk 1:25:04]} Nd7 {[%clk 1:07:34]} 13. Ng5
{[%clk 1:12:57]} Bxg5 {[%clk 0:57:20]} 14. Bxg5 {[%clk 1:13:18]} h6 {[%clk
0:57:46]} 15. Qh5 {[%clk 1:10:57]} Nxd4 {[%clk 0:52:02]} 16. cxd4 {[%clk
0:53:07]} Qxd4 {[%clk 0:52:20]} 17. O-O {[%clk 0:33:46]} Qxe5 {[%clk 0:42:51]}
18. Nf3 {[%clk 0:33:05]} Qxb2 19. Rfc1 {[%clk 0:32:16]} g6 {[%clk 0:39:25]} 20.
Bxg6 {[%clk 0:24:48]} hxg5 {[%clk 0:39:46]} 21. Bxf7+ {[%clk 0:25:10]} Ke7
{[%clk 0:39:59]} 22. Qg6 {[%clk 0:25:13]} Qf6 {[%clk 0:40:24]} 23. Qxf6+ {[%clk
0:12:36]} Kxf6 {[%clk 0:39:45]} 24. Nxg5 Kxg5 25. Bxe6 {[%clk 0:12:20]} Nc5
{[%clk 0:40:08]} 26. Re1 {[%clk 0:10:43]} Rhe8 {[%clk 0:39:41]} 27. Bg4 {[%clk
0:09:26]} Nd3 {[%clk 0:39:10]} 28. Re2 {[%clk 0:07:24]} Rxe2 {[%clk 0:38:42]}
29. Bxe2 Nf4 30. Bf3 {[%clk 0:05:41]} b4 {[%clk 0:38:05]} 31. g3 {[%clk
0:04:39]} Nd3 {[%clk 0:38:22]} 32. Be2 {[%clk 0:04:53]} Re8 {[%clk 0:37:04]}
33. Bxd3 {[%clk 0:03:15]} cxd3 {[%clk 0:37:28]} 34. Rd1 {[%clk 0:03:21]} Ba6
{[%clk 0:37:30]} 35. axb4 {[%clk 0:03:05]} axb4 {[%clk 0:37:54]} 36. Ra1 {[%clk
0:03:09]} d2 {[%clk 0:38:14]} 37. f4+ {[%clk 0:03:07]} Kf5 {[%clk 0:38:37]} 38.
Kf2 {[%clk 0:03:01]} Re2+ {[%clk 0:38:46]} 39. Kf3 {[%clk 0:02:58]} Re1 {[%clk
0:39:06]} 40. g4+ {[%clk 0:03:23]} Kf6 {[%clk 0:39:29]} 41. Rxa6+ {[%clk
0:03:44]} Ke7 {[%clk 0:39:54]} 0-1

[Event "DEM U14 2020"]
[Site "Willingen GER"]
[Date "2020.10.21"]
[Round "3"]
[White "Bilous, Danylo"]
[Black "Freude, Max"]
[Result "1/2-1/2"]
[Termination "normal"]
[Board "15"]
[WhiteElo "1723"]
[BlackElo "1850"]
[WhiteClock "00:34:19"]
[BlackClock "00:14:17"]
[PlyCount "45"]
[WhiteFideId "34130004"]
[BlackFideId "16236157"]
[EventCountry "GER"]
[EventRounds "7"]
[EventType "swiss"]
[EventDate "2020.10.19"]

1. d4 {[%clk 1:30:55]} Nf6 {[%clk 1:30:41]} 2. c4 {[%clk 1:30:59]} e6 {[%clk
1:30:55]} 3. Nf3 {[%clk 1:31:24]} d5 {[%clk 1:30:53]} 4. Nc3 {[%clk 1:31:49]}
Be7 {[%clk 1:30:32]} 5. Bg5 {[%clk 1:31:29]} O-O {[%clk 1:30:02]} 6. e3 {[%clk
1:31:01]} c6 {[%clk 1:28:34]} 7. Rc1 {[%clk 1:31:05]} Nbd7 {[%clk 1:22:51]} 8.
Bd3 {[%clk 1:30:12]} dxc4 {[%clk 1:20:17]} 9. Bxc4 {[%clk 1:30:34]} b6 {[%clk
1:17:17]} 10. O-O {[%clk 1:26:37]} Bb7 {[%clk 1:16:27]} 11. Bd3 {[%clk
1:18:07]} c5 {[%clk 1:09:52]} 12. Bb1 {[%clk 1:07:55]} Nd5 {[%clk 0:52:06]} 13.
Bxe7 {[%clk 1:05:28]} Qxe7 {[%clk 0:50:56]} 14. dxc5 {[%clk 1:04:14]} Nxc3
{[%clk 0:43:58]} 15. Rxc3 {[%clk 1:04:32]} Nxc5 {[%clk 0:44:12]} 16. b4 {[%clk
0:59:55]} Rfd8 {[%clk 0:32:13]} 17. Qe2 {[%clk 0:45:08]} Ba6 {[%clk 0:24:29]}
18. b5 {[%clk 0:45:05]} Bb7 {[%clk 0:24:47]} 19. Rd1 {[%clk 0:41:58]} Rxd1+
{[%clk 0:21:21]} 20. Qxd1 {[%clk 0:38:41]} Rd8 {[%clk 0:20:15]} 21. Qe2 {[%clk
0:36:23]} Qd6 {[%clk 0:16:46]} 22. Rc1 {[%clk 0:34:21]} g6 {[%clk 0:14:17]} 23.
h3 {[%clk 0:34:19]} 1/2-1/2

[Event "DEM U14 2020"]
[Site "Willingen GER"]
[Date "2020.10.21"]
[Round "3"]
[White "Lerchl, Clemens"]
[Black "Spriestersbach, Kai"]
[Result "0-1"]
[Termination "normal"]
[Board "16"]
[WhiteElo "1699"]
[BlackElo "1863"]
[WhiteClock "00:09:49"]
[BlackClock "00:47:30"]
[PlyCount "84"]
[WhiteFideId "16226372"]
[BlackFideId "16269985"]
[EventCountry "GER"]
[EventRounds "7"]
[EventType "swiss"]
[EventDate "2020.10.19"]

1. e4 {[%clk 1:30:57]} c5 {[%clk 1:30:55]} 2. Nf3 {[%clk 1:31:24]} a6 {[%clk
1:31:19]} 3. c3 {[%clk 1:31:47]} d5 {[%clk 1:31:34]} 4. exd5 {[%clk 1:31:56]}
Qxd5 {[%clk 1:31:57]} 5. d4 {[%clk 1:32:15]} Nf6 {[%clk 1:31:54]} 6. Be2 {[%clk
1:31:57]} e6 {[%clk 1:32:07]} 7. O-O {[%clk 1:32:04]} cxd4 {[%clk 1:31:43]} 8.
cxd4 {[%clk 1:27:36]} Be7 {[%clk 1:30:43]} 9. Nc3 {[%clk 1:27:11]} Qd6 {[%clk
1:30:24]} 10. Re1 {[%clk 1:18:45]} O-O {[%clk 1:29:21]} 11. Ne5 {[%clk
1:18:00]} Rd8 {[%clk 1:25:36]} 12. Nc4 {[%clk 1:06:20]} Qc7 {[%clk 1:22:33]}
13. g3 {[%clk 0:50:30]} Bc5 {[%clk 1:10:46]} 14. Bf4 {[%clk 0:45:39]} Qe7
{[%clk 1:10:38]} 15. Be5 {[%clk 0:26:10]} Nc6 {[%clk 1:08:33]} 16. Bxf6 {[%clk
0:26:08]} Qxf6 {[%clk 1:07:37]} 17. Ne4 {[%clk 0:23:12]} Qxd4 {[%clk 1:06:51]}
18. Qxd4 {[%clk 0:23:19]} Bxd4 {[%clk 1:06:29]} 19. Rad1 {[%clk 0:22:56]} b5
{[%clk 1:06:04]} 20. Ne3 {[%clk 0:22:30]} Bb7 {[%clk 1:05:33]} 21. Nc3 {[%clk
0:22:08]} Ne5 {[%clk 1:04:46]} 22. Nc2 {[%clk 0:20:49]} Bb6 {[%clk 1:04:12]}
23. Rxd8+ {[%clk 0:19:27]} Rxd8 {[%clk 1:04:28]} 24. Rd1 {[%clk 0:19:42]} Rxd1+
{[%clk 1:03:16]} 25. Bxd1 {[%clk 0:20:05]} Nd3 {[%clk 1:03:21]} 26. Kf1 {[%clk
0:18:31]} Nxf2 {[%clk 1:02:40]} 27. Be2 {[%clk 0:18:25]} Ne4 {[%clk 1:01:28]}
28. Nxe4 {[%clk 0:18:06]} Bxe4 {[%clk 1:01:51]} 29. Nb4 {[%clk 0:18:18]} Bb7
{[%clk 0:59:59]} 30. b3 {[%clk 0:13:44]} f5 {[%clk 0:57:10]} 31. a3 {[%clk
0:10:05]} Bc5 {[%clk 0:56:52]} 32. Nc2 {[%clk 0:08:56]} Be4 {[%clk 0:56:16]}
33. b4 {[%clk 0:08:15]} Bb6 {[%clk 0:56:08]} 34. Bd1 {[%clk 0:08:36]} g5 {[%clk
0:55:51]} 35. Ke2 {[%clk 0:08:14]} g4 {[%clk 0:55:20]} 36. Ne1 {[%clk 0:08:35]}
Kf7 {[%clk 0:51:44]} 37. Nd3 {[%clk 0:08:43]} Bf3+ {[%clk 0:47:45]} 38. Ke1
{[%clk 0:09:02]} Bxd1 {[%clk 0:47:56]} 39. Kxd1 {[%clk 0:09:18]} Bd4 {[%clk
0:47:37]} 40. Kc2 {[%clk 0:09:22]} e5 {[%clk 0:47:08]} 41. Kb3 {[%clk 0:09:29]}
Ke6 {[%clk 0:47:20]} 42. a4 {[%clk 0:09:49]} Kd5 {[%clk 0:47:30]} 0-1

[Event "DEM U14 2020"]
[Site "Willingen GER"]
[Date "2020.10.21"]
[Round "3"]
[White "Tovmasyan, Minas"]
[Black "Ermitsch, Magnus"]
[Result "1/2-1/2"]
[Termination "normal"]
[Board "17"]
[WhiteElo "1658"]
[BlackElo "2049"]
[WhiteClock "00:00:32"]
[BlackClock "00:09:43"]
[PlyCount "77"]
[WhiteFideId "16247620"]
[BlackFideId "16234464"]
[EventCountry "GER"]
[EventRounds "7"]
[EventType "swiss"]
[EventDate "2020.10.19"]

1. d4 {[%clk 1:30:55]} Nf6 {[%clk 1:30:29]} 2. c4 {[%clk 1:31:19]} e6 {[%clk
1:30:33]} 3. Nf3 {[%clk 1:31:35]} d5 {[%clk 1:30:27]} 4. Nc3 {[%clk 1:31:43]}
c6 {[%clk 1:30:29]} 5. cxd5 {[%clk 1:29:59]} exd5 {[%clk 1:28:55]} 6. Qc2
{[%clk 1:30:05]} Bd6 {[%clk 1:28:13]} 7. Bg5 {[%clk 1:29:05]} O-O {[%clk
1:26:05]} 8. e3 {[%clk 1:29:04]} h6 {[%clk 1:17:40]} 9. Bh4 {[%clk 1:28:25]}
Re8 {[%clk 1:16:10]} 10. Bd3 {[%clk 1:23:54]} Nbd7 {[%clk 1:11:41]} 11. O-O
{[%clk 1:19:46]} Nf8 {[%clk 1:10:15]} 12. Rab1 {[%clk 1:17:01]} Bg4 {[%clk
1:09:13]} 13. b4 {[%clk 1:06:22]} Re6 {[%clk 0:57:22]} 14. Rfc1 {[%clk
0:50:31]} Qb8 {[%clk 0:53:42]} 15. Bg3 {[%clk 0:48:46]} Bxf3 {[%clk 0:49:52]}
16. gxf3 {[%clk 0:49:08]} Nh5 {[%clk 0:42:41]} 17. b5 {[%clk 0:36:02]} Nxg3
{[%clk 0:35:35]} 18. hxg3 {[%clk 0:36:24]} Qe8 {[%clk 0:28:45]} 19. bxc6 {[%clk
0:26:10]} bxc6 {[%clk 0:27:55]} 20. e4 {[%clk 0:18:21]} Rd8 {[%clk 0:21:34]}
21. e5 {[%clk 0:13:33]} Ba3 {[%clk 0:20:43]} 22. Re1 {[%clk 0:13:08]} c5 {[%clk
0:18:51]} 23. Nb5 {[%clk 0:09:56]} Bb4 {[%clk 0:17:21]} 24. Nc7 {[%clk
0:09:43]} Qe7 {[%clk 0:16:53]} 25. Nxe6 {[%clk 0:02:46]} Nxe6 {[%clk 0:16:40]}
26. dxc5 {[%clk 0:00:31]} Bxe1 {[%clk 0:16:43]} 27. Rxe1 {[%clk 0:00:59]} Nd4
{[%clk 0:15:57]} 28. Bh7+ {[%clk 0:00:35]} Kh8 {[%clk 0:15:49]} 29. Qc3 {[%clk
0:00:37]} Nxf3+ {[%clk 0:13:24]} 30. Qxf3 {[%clk 0:01:06]} Kxh7 {[%clk
0:13:51]} 31. Qd3+ {[%clk 0:01:23]} Kg8 {[%clk 0:14:07]} 32. Qd4 {[%clk
0:01:07]} Qe6 {[%clk 0:12:40]} 33. Re3 {[%clk 0:00:45]} Rc8 {[%clk 0:11:29]}
34. Rc3 {[%clk 0:00:33]} Qc6 {[%clk 0:10:41]} 35. f4 {[%clk 0:00:37]} Rb8
{[%clk 0:10:42]} 36. Rb3 {[%clk 0:00:56]} Rc8 {[%clk 0:10:43]} 37. Rc3 {[%clk
0:00:37]} Rb8 {[%clk 0:10:36]} 38. Rb3 {[%clk 0:00:33]} Rc8 {[%clk 0:09:43]}
39. Rc3 {[%clk 0:00:32]} 1/2-1/2

[Event "DEM U14 2020"]
[Site "Willingen GER"]
[Date "2020.10.21"]
[Round "3"]
[White "Niemann, Leon"]
[Black "Huo, Da"]
[Result "0-1"]
[Termination "normal"]
[Board "18"]
[WhiteElo "1880"]
[BlackElo "1868"]
[WhiteClock "00:10:37"]
[BlackClock "00:09:49"]
[PlyCount "128"]
[WhiteFideId "16218388"]
[BlackFideId "16221206"]
[EventCountry "GER"]
[EventRounds "7"]
[EventType "swiss"]
[EventDate "2020.10.19"]

1. e4 {[%clk 1:30:59]} c5 {[%clk 1:30:52]} 2. Nf3 {[%clk 1:31:24]} d6 {[%clk
1:31:18]} 3. d4 {[%clk 1:31:49]} cxd4 {[%clk 1:31:43]} 4. Nxd4 {[%clk 1:32:13]}
Nf6 {[%clk 1:32:09]} 5. Nc3 {[%clk 1:32:36]} Nc6 {[%clk 1:32:34]} 6. Be2 {[%clk
1:32:54]} e5 {[%clk 1:32:58]} 7. Nb3 {[%clk 1:33:18]} Be6 {[%clk 1:33:22]} 8.
f4 {[%clk 1:33:37]} a5 {[%clk 1:10:57]} 9. f5 {[%clk 1:32:51]} Bc8 {[%clk
1:09:28]} 10. a4 {[%clk 1:27:46]} Nb4 {[%clk 1:07:16]} 11. Bg5 {[%clk 1:21:46]}
Be7 {[%clk 1:02:36]} 12. Bxf6 {[%clk 1:20:31]} Bxf6 {[%clk 0:59:52]} 13. Nd5
{[%clk 0:54:21]} Nxd5 {[%clk 0:54:38]} 14. Qxd5 {[%clk 0:52:25]} O-O {[%clk
0:54:25]} 15. Rd1 {[%clk 0:45:17]} Qc7 {[%clk 0:51:38]} 16. c3 {[%clk 0:42:58]}
Be7 {[%clk 0:43:35]} 17. O-O {[%clk 0:40:31]} Bd7 {[%clk 0:41:59]} 18. Bb5
{[%clk 0:37:34]} Bc6 {[%clk 0:41:28]} 19. Qd3 {[%clk 0:34:44]} Rfd8 {[%clk
0:38:02]} 20. c4 {[%clk 0:34:21]} Bg5 {[%clk 0:26:59]} 21. g3 {[%clk 0:29:17]}
Qb6+ {[%clk 0:13:31]} 22. Kg2 {[%clk 0:29:16]} Rac8 {[%clk 0:10:24]} 23. Rf3
{[%clk 0:19:30]} Bxb5 {[%clk 0:09:24]} 24. axb5 {[%clk 0:19:17]} a4 {[%clk
0:07:56]} 25. h4 {[%clk 0:18:02]} Bh6 {[%clk 0:06:35]} 26. Nd2 {[%clk 0:16:23]}
Qc5 {[%clk 0:06:07]} 27. Rc1 {[%clk 0:14:45]} Qb4 {[%clk 0:06:01]} 28. Rc2
{[%clk 0:07:35]} Bxd2 {[%clk 0:06:06]} 29. Qxd2 {[%clk 0:06:36]} Qxd2+ {[%clk
0:05:57]} 30. Rxd2 {[%clk 0:07:06]} Rxc4 {[%clk 0:06:15]} 31. Rc3 {[%clk
0:05:40]} Rxc3 {[%clk 0:04:17]} 32. bxc3 {[%clk 0:06:06]} Kf8 {[%clk 0:04:43]}
33. Ra2 {[%clk 0:03:51]} Ra8 {[%clk 0:02:11]} 34. Ra3 {[%clk 0:04:16]} Ra5
{[%clk 0:02:11]} 35. Kf3 {[%clk 0:01:55]} Rxb5 {[%clk 0:02:17]} 36. Rxa4 {[%clk
0:02:17]} Rb3 {[%clk 0:01:46]} 37. Rc4 {[%clk 0:02:33]} b5 {[%clk 0:01:53]} 38.
Rc8+ {[%clk 0:01:01]} Ke7 {[%clk 0:01:50]} 39. Kf2 {[%clk 0:00:32]} Rb2+ {[%clk
0:01:07]} 40. Kf1 {[%clk 0:00:34]} Rc2 {[%clk 0:00:35]} 41. Rc7+ {[%clk
0:25:25]} Ke8 {[%clk 0:29:33]} 42. Rc8+ {[%clk 0:21:22]} Kd7 {[%clk 0:20:41]}
43. Rg8 {[%clk 0:19:26]} Rxc3 {[%clk 0:20:25]} 44. Rxg7 {[%clk 0:19:18]} Ke7
{[%clk 0:20:49]} 45. Rg8 {[%clk 0:15:14]} Re3 {[%clk 0:19:07]} 46. Rb8 {[%clk
0:11:58]} Rxe4 {[%clk 0:19:18]} 47. Rxb5 {[%clk 0:12:18]} Kf6 {[%clk 0:19:10]}
48. Rb6 {[%clk 0:11:56]} Rd4 {[%clk 0:19:29]} 49. g4 {[%clk 0:12:23]} Rxg4
{[%clk 0:19:28]} 50. Rxd6+ {[%clk 0:12:51]} Kxf5 {[%clk 0:19:47]} 51. Rh6
{[%clk 0:13:18]} Rg7 {[%clk 0:19:48]} 52. Kf2 {[%clk 0:13:32]} f6 {[%clk
0:18:58]} 53. Kf3 {[%clk 0:13:51]} Rd7 {[%clk 0:16:02]} 54. Ke3 {[%clk
0:13:27]} e4 {[%clk 0:10:30]} 55. Ke2 {[%clk 0:13:18]} Ke5 {[%clk 0:10:14]} 56.
Ke3 {[%clk 0:11:32]} f5 {[%clk 0:09:55]} 57. Rh5 {[%clk 0:11:48]} Rg7 {[%clk
0:09:59]} 58. Rh6 {[%clk 0:11:32]} f4+ {[%clk 0:10:07]} 59. Kf2 {[%clk
0:11:38]} Ra7 {[%clk 0:09:40]} 60. Rb6 {[%clk 0:09:55]} Ra2+ {[%clk 0:09:45]}
61. Kg1 {[%clk 0:09:43]} f3 {[%clk 0:09:49]} 62. Rb7 {[%clk 0:09:58]} e3 {[%clk
0:09:47]} 63. Rxh7 {[%clk 0:10:10]} Ra1+ {[%clk 0:09:53]} 64. Kh2 {[%clk
0:10:37]} e2 {[%clk 0:09:49]} 0-1

[Event "DEM U14 2020"]
[Site "Willingen GER"]
[Date "2020.10.21"]
[Round "3"]
[White "Weidenhöfer, Max"]
[Black "Meuer, David"]
[Result "0-1"]
[Termination "normal"]
[Board "20"]
[WhiteElo "1897"]
[BlackElo "1632"]
[WhiteClock "00:01:02"]
[BlackClock "00:02:03"]
[PlyCount "84"]
[WhiteFideId "16230566"]
[BlackFideId "16262964"]
[EventCountry "GER"]
[EventRounds "7"]
[EventType "swiss"]
[EventDate "2020.10.19"]

1. e4 {[%clk 1:30:57]} e6 {[%clk 1:30:54]} 2. d4 {[%clk 1:31:22]} d5 {[%clk
1:31:20]} 3. exd5 {[%clk 1:31:48]} exd5 {[%clk 1:31:44]} 4. Nf3 {[%clk
1:32:09]} Bd6 {[%clk 1:31:45]} 5. Bd3 {[%clk 1:32:35]} Nc6 {[%clk 1:32:00]} 6.
c3 {[%clk 1:28:20]} Nge7 {[%clk 1:30:20]} 7. Qc2 {[%clk 1:25:42]} h6 {[%clk
1:26:12]} 8. O-O {[%clk 1:25:02]} O-O {[%clk 1:24:39]} 9. Re1 {[%clk 1:24:29]}
Re8 {[%clk 1:18:40]} 10. Nbd2 {[%clk 1:23:05]} Be6 {[%clk 1:10:42]} 11. Ne5
{[%clk 1:20:09]} Qc8 {[%clk 1:03:39]} 12. Qb3 {[%clk 1:11:10]} Nxe5 {[%clk
0:53:03]} 13. dxe5 {[%clk 1:11:12]} Bc5 {[%clk 0:52:49]} 14. Nf3 {[%clk
1:02:50]} Nc6 {[%clk 0:49:12]} 15. Bb1 {[%clk 0:52:20]} Ne7 {[%clk 0:34:15]}
16. Nh4 {[%clk 0:48:15]} Nf5 {[%clk 0:23:20]} 17. Nxf5 {[%clk 0:45:31]} Bxf5
{[%clk 0:23:43]} 18. Qxd5 {[%clk 0:33:17]} Bxb1 {[%clk 0:22:02]} 19. Qxc5
{[%clk 0:29:51]} Bf5 {[%clk 0:21:15]} 20. Bf4 {[%clk 0:26:19]} Be6 {[%clk
0:20:13]} 21. Qe3 {[%clk 0:24:14]} Qd7 {[%clk 0:18:26]} 22. Bxh6 {[%clk
0:14:34]} gxh6 {[%clk 0:17:57]} 23. Qxh6 {[%clk 0:14:51]} Rad8 {[%clk 0:17:23]}
24. h3 {[%clk 0:14:28]} Bf5 {[%clk 0:16:53]} 25. Re3 {[%clk 0:13:44]} Re6
{[%clk 0:16:25]} 26. Qf4 {[%clk 0:08:11]} Rg6 {[%clk 0:15:21]} 27. Kh2 {[%clk
0:07:59]} Qc6 {[%clk 0:11:56]} 28. g4 {[%clk 0:05:01]} Be6 {[%clk 0:10:48]} 29.
Rg1 {[%clk 0:04:43]} Rd2 {[%clk 0:09:01]} 30. Reg3 {[%clk 0:03:31]} Rxb2 {[%clk
0:07:20]} 31. Rd3 {[%clk 0:03:19]} Qc5 {[%clk 0:06:21]} 32. Rd8+ {[%clk
0:01:48]} Kg7 {[%clk 0:06:35]} 33. Rf1 {[%clk 0:00:52]} Bc4 {[%clk 0:05:50]}
34. Rd7 {[%clk 0:00:59]} Be6 {[%clk 0:05:38]} 35. Rd3 {[%clk 0:01:14]} Rxa2
{[%clk 0:04:18]} 36. g5 {[%clk 0:01:20]} Re2 {[%clk 0:04:06]} 37. h4 {[%clk
0:00:41]} Qxe5 {[%clk 0:04:13]} 38. Qxe5+ {[%clk 0:01:10]} Rxe5 {[%clk
0:04:29]} 39. f4 {[%clk 0:00:56]} Bc4 {[%clk 0:03:11]} 40. Rfd1 {[%clk
0:00:37]} Re2+ {[%clk 0:03:10]} 41. Kg3 {[%clk 0:00:34]} Bxd3 {[%clk 0:03:23]}
42. Rxd3 {[%clk 0:01:02]} Rd6 {[%clk 0:02:03]} 0-1

[Event "DEM U14 2020"]
[Site "Willingen GER"]
[Date "2020.10.21"]
[Round "3"]
[White "Bock, Marlon"]
[Black "Mimkes, Antal"]
[Result "0-1"]
[Termination "normal"]
[Board "21"]
[WhiteElo "1776"]
[BlackElo "1567"]
[WhiteClock "00:00:50"]
[BlackClock "00:12:43"]
[PlyCount "70"]
[WhiteFideId "16244931"]
[BlackFideId "16265963"]
[EventCountry "GER"]
[EventRounds "7"]
[EventType "swiss"]
[EventDate "2020.10.19"]

1. d4 {[%clk 1:30:57]} c5 {[%clk 1:30:33]} 2. e3 {[%clk 1:31:16]} g6 {[%clk
1:30:21]} 3. f4 {[%clk 1:30:28]} Bg7 {[%clk 1:30:05]} 4. Nf3 {[%clk 1:30:03]}
Nf6 {[%clk 1:29:32]} 5. Bd3 {[%clk 1:29:15]} O-O {[%clk 1:28:57]} 6. O-O {[%clk
1:28:44]} cxd4 {[%clk 1:27:51]} 7. exd4 {[%clk 1:27:53]} d6 {[%clk 1:27:46]} 8.
c3 {[%clk 1:25:24]} Nc6 {[%clk 1:25:38]} 9. Nbd2 {[%clk 1:22:31]} Bg4 {[%clk
1:23:48]} 10. h3 {[%clk 1:15:45]} Bd7 {[%clk 1:23:02]} 11. Ne4 {[%clk 1:05:55]}
Qc7 {[%clk 1:20:45]} 12. Qe2 {[%clk 0:57:43]} Rfe8 {[%clk 1:17:55]} 13. Qf2
{[%clk 0:54:32]} Rf8 {[%clk 1:07:58]} 14. Bd2 {[%clk 0:48:31]} Nxe4 {[%clk
1:06:03]} 15. Bxe4 {[%clk 0:48:31]} e5 {[%clk 1:05:32]} 16. fxe5 {[%clk
0:36:57]} dxe5 {[%clk 1:04:44]} 17. Qg3 {[%clk 0:34:20]} Qb6 {[%clk 1:03:11]}
18. Bxc6 {[%clk 0:29:22]} Bxc6 {[%clk 1:00:58]} 19. Nxe5 {[%clk 0:27:35]} Qxb2
{[%clk 0:58:46]} 20. Bf4 {[%clk 0:21:22]} Be4 {[%clk 0:55:23]} 21. Rae1 {[%clk
0:19:17]} Bf5 {[%clk 0:54:15]} 22. Rf2 {[%clk 0:17:02]} Qa3 {[%clk 0:49:44]}
23. Kh2 {[%clk 0:14:10]} Rac8 {[%clk 0:48:24]} 24. Re3 {[%clk 0:14:19]} Rfe8
{[%clk 0:42:22]} 25. Rfe2 {[%clk 0:09:34]} Qa6 {[%clk 0:38:58]} 26. Qf3 {[%clk
0:07:57]} b5 {[%clk 0:32:26]} 27. g4 {[%clk 0:07:13]} Bb1 {[%clk 0:28:47]} 28.
Qf1 {[%clk 0:06:05]} f6 {[%clk 0:25:31]} 29. Qxb1 {[%clk 0:05:00]} fxe5 {[%clk
0:25:38]} 30. Qb3+ {[%clk 0:04:48]} Kh8 {[%clk 0:25:42]} 31. Bxe5 {[%clk
0:03:49]} Bxe5+ {[%clk 0:24:53]} 32. Rxe5 {[%clk 0:04:07]} Rxe5 {[%clk
0:24:24]} 33. dxe5 {[%clk 0:03:29]} b4 {[%clk 0:23:16]} 34. c4 {[%clk 0:01:50]}
Qxc4 {[%clk 0:18:44]} 35. Qf3 {[%clk 0:00:50]} Kg8 {[%clk 0:12:43]} 0-1